James Who? Quiz Stats

 Plays Quiz Updated Jun 21, 2018

Support Sporcle.
Go Orange.
Score 0/15 Timer 05:00
1 Play Today
% Correct
James Avery
93.9%
James Dean
92.2%
James Gandolfini
90.7%
James Franco
83.8%
James Earl Jones
81.5%
James Spader
81.2%
James Michael Tyler
81.2%
James Caan
80.5%
% Correct
James Marsden
80.3%
James Stewart
80.1%
James McAvoy
77.4%
James Hong
72%
James Garner
58.2%
James Woods
58.1%
James Coburn
55.6%

You're not logged in!

Compare scores with friends on all Sporcle quizzes.
OR
Log In

From the Vault

Sporcle Crossword Quest

by rockgolf

Now you can get your Sporcle and crossword fix at the same time. How efficient!
Remove Ads.
Support Sporcle.
Get the best of Sporcle when you Go Orange. This ad-free experience offers more features, more stats, and more fun while also helping to support Sporcle. Thank you for becoming a member.

Show Comments

Extras

Top Quizzes Today


Score Distribution

Your Account Isn't Verified!

In order to create a playlist on Sporcle, you need to verify the email address you used during registration. Go to your Sporcle Settings to finish the process.

Report this User

Report this user for behavior that violates our Community Guidelines.

Details: